000 00766nam a2200229Ii 4500
003 JO-AjNU
008 230605s9999||||xx |||||||||||||| ||und||
017 _a1354/5/2010
020 _a978-9957-07-805-8
040 _aJO-AjNU
_bara
_erda
_cJO-AjNU
041 _aara
050 1 4 _aLB2846.A3 2013
100 3 _aعدس، عبد الرحمن,
_eauthor
_942855
245 0 0 _aمبادئ الإحصاء في التربية وعلم النفس:مبادئ الإحصاء الوصفي
250 _aط1
264 3 1 _aعمان:دار الفكر،2013
300 _a244ص
336 _atext
_btxt
_2rdacontent
337 _aunmediated
_bn
_2rdamedia
338 _avolume
_bnc
_2rdacarrier
650 4 _aالإحصاء الوصفي-التربية-علم النفس
_942856
999 _aA18381
_c21949
_d21949